Score 0/20 Timer 05:00
0 Plays Today
% Correct
Jurassic Park
88.3%
Clueless
82.5%
Edward Scissorhands
79.8%
Reservoir Dogs
76.1%
Independence Day
75.5%
American Beauty
63.7%
The Truman Show
59.7%
Babe
56.5%
Office Space
55.8%
Friday
54.1%
% Correct
Tommy Boy
52.8%
Starship Troopers
42.4%
Dogma
41.5%
Desperado
39.4%
Dazed and Confused
36.4%
L.A. Confidential
30.4%
The Fifth Element
15.5%
Empire Records
15%
SLC Punk!
10.3%
Being John Malkovich
8.9%
Remove Ads.
Support Sporcle.
Get the best of Sporcle when you Go Orange. This ad-free experience offers more features, more stats, and more fun while also helping to support Sporcle. Thank you for becoming a member.

You're not logged in!

Compare scores with friends on all Sporcle quizzes.
OR
Log In

Show Comments

Extras

Top Quizzes Today


Score Distribution

Your Account Isn't Verified!

In order to create a playlist on Sporcle, you need to verify the email address you used during registration. Go to your Sporcle Settings to finish the process.

Report this User

Report this user for behavior that violates our Community Guidelines.

Details: